[Event "Barranquilla Carnaval Cup"]
[Site "Barranquilla"]
[Date "2024.02.06"]
[Round "7"]
[White "Jaramillo Daza, David"]
[Black "Mora Montecino, Marlon"]
[Result "1-0"]
[WhiteElo "1426"]
[BlackElo "1600"]
[PlyCount "89"]
[EventDate "2024.02.03"]
[EventType "swiss"]
[EventRounds "9"]
[EventCountry "COL"]
[SourceTitle "CB07_2024"]
[SourceDate "2024.02.14"]
[SourceVersion "1"]
[SourceVersionDate "2024.02.14"]
[SourceQuality "1"]

1. e4 Nc6 2. Nf3 d6 3. d4 e5 4. Bb5 Bd7 5. Bxc6 Bxc6 6. d5 Bd7 7. 0-0 Nf6 8. Nc3 Be7 9. Bg5 Bg4 10. Qd3 Bxf3 11. Qxf3 Nxd5 12. Nxd5 Bxg5 13. Rad1 0-0 14. g3 c6 15. Nc3 Qd7 16. Qh5 Bf6 17. Ne2 g6 18. Qh6 Bg7 19. Qh4 Rad8 20. f4 f5 21. fxe5 Bxe5 22. b3 fxe4 23. Qxe4 Rxf1+ 24. Rxf1 Rf8 25. Qc4+ Kg7 26. Nf4 Bxf4 27. Rxf4 Rxf4 28. Qxf4 c5 29. Qf3 d5 30. Qc3+ Kf7 31. Qxc5 b6 32. Qf2+ Qf5 33. g4 Qxf2+ 34. Kxf2 Ke6 35. Kf3 Ke5 36. Ke3 g5 37. c3 a6 38. a4 a5 39. b4 Kd6 40. Kd4 Kc6 41. Ke5 axb4 42. cxb4 d4 43. Kxd4 Kd6 44. a5 b5 45. a6 1-0

[Event "Barranquilla Carnaval Cup"]
[Site "Barranquilla"]
[Date "2024.02.04"]
[Round "3"]
[White "Jaramillo Daza, David"]
[Black "Villafane Gomez, Jaime"]
[Result "0-1"]
[WhiteElo "1426"]
[BlackElo "2036"]
[PlyCount "126"]
[EventDate "2024.02.03"]
[EventType "swiss"]
[EventRounds "9"]
[EventCountry "COL"]
[SourceTitle "CB07_2024"]
[SourceDate "2024.02.14"]
[SourceVersion "1"]
[SourceVersionDate "2024.02.14"]
[SourceQuality "1"]

1. e4 e6 2. Nf3 d5 3. Nc3 dxe4 4. Nxe4 Nf6 5. Nxf6+ Qxf6 6. d4 h6 7. Bd3 Nd7 8. 0-0 Bd6 9. c4 c5 10. d5 exd5 11. Re1+ Kf8 12. cxd5 g6 13. Qe2 Bf4 14. Bxf4 Qxf4 15. Bxg6 Kg7 16. Bd3 Nf6 17. Qe5 Qxe5 18. Rxe5 Rd8 19. Bc4 b6 20. Rd1 Rd6 21. Re7 Be6 22. Ne5 Nxd5 23. Nxf7 Bxf7 24. Bxd5 Rf8 25. Rd3 Kf6 26. Rxf7+ Rxf7 27. Rf3+ Kg5 28. Rxf7 Rxd5 29. g3 Rd2 30. Rxa7 Rxb2 31. h4+ Kg6 32. g4 Rb4 33. f3 h5 34. g5 Rxh4 35. Ra6 Rb4 36. f4 Kf5 37. a4 Rxf4 38. a5 bxa5 39. Rxa5 Rc4 40. Kf2 Kxg5 41. Kg3 Rc3+ 42. Kg2 Kg4 43. Ra4+ c4 44. Ra2 h4 45. Rd2 Rd3 46. Re2 c3 47. Re4+ Kg5 48. Rc4 Rd2+ 49. Kh3 c2 50. Rg4+ Kf5 51. Rc4 Ke5 52. Kxh4 Kd5 53. Rc8 Ke4 54. Rc3 Kd4 55. Rc8 Kd3 56. Kg3 Rd1 57. Rxc2 Kxc2 58. Kf2 Kd2 59. Kf3 Re1 60. Kf2 Re3 61. Kg2 Ke2 62. Kh2 Kf2 63. Kh1 Rh3# 0-1

[Event "Barranquilla Carnaval Cup"]
[Site "Barranquilla"]
[Date "2024.02.04"]
[Round "4"]
[White "Viloria, Daniel"]
[Black "Jaramillo Daza, David"]
[Result "0-1"]
[WhiteElo "1822"]
[BlackElo "1426"]
[PlyCount "50"]
[EventDate "2024.02.03"]
[EventType "swiss"]
[EventRounds "9"]
[EventCountry "COL"]
[SourceTitle "CB07_2024"]
[SourceDate "2024.02.14"]
[SourceVersion "1"]
[SourceVersionDate "2024.02.14"]
[SourceQuality "1"]

1. e4 d5 2. exd5 Nf6 3. d4 g6 4. c4 Bg7 5. Nc3 0-0 6. Be2 Bf5 7. g4 Bc8 8. g5 Nfd7 9. h4 c6 10. h5 c5 11. hxg6 fxg6 12. Be3 Qb6 13. Na4 Qa5+ 14. Bd2 Qc7 15. Bc3 Qf4 16. Nh3 Qe4 17. Rg1 cxd4 18. Bb4 Ne5 19. Nc5 Nf3+ 20. Kf1 Bxh3+ 21. Rg2 Bxg2+ 22. Kxg2 Ne1+ 23. Kg3 Be5+ 24. Kh3 Qh1+ 25. Kg4 Qh5# 0-1

[Event "COL-ch"]
[Site "Cartagena"]
[Date "2023.06.09"]
[Round "4"]
[White "Jaramillo Daza, David"]
[Black "Bolanos Lopez, Juan Jacobo"]
[Result "0-1"]
[WhiteElo "1327"]
[BlackElo "1875"]
[PlyCount "57"]
[EventDate "2023.06.08"]
[EventType "swiss"]
[EventRounds "9"]
[EventCountry "COL"]
[SourceTitle "CBM 215 Extra"]
[Source "ChessBase"]
[SourceDate "2023.09.30"]
[SourceVersion "1"]
[SourceVersionDate "2023.09.30"]
[SourceQuality "1"]

1. e4 c5 2. Nf3 e6 3. d4 cxd4 4. Nxd4 a6 5. Bd3 Nf6 6. 0-0 Qc7 7. Qe2 d6 8. c4 g6 9. Nc3 Bg7 10. Bf4 0-0 11. Rac1 Nc6 12. Nf3 Ne5 13. h3 b6 14. b3 Bb7 15. Rfd1 Rac8 16. Rc2 Rfd8 17. Bc1 Nfd7 18. Nxe5 dxe5 19. Ba3 Nb8 20. Na4 Nc6 21. Bb2 Nb4 22. Rc3 Nxa2 23. Rc2 Nb4 24. Rc3 Qc6 25. f3 Bf8 26. Rcc1 Qc7 27. Kh1 Bh6 28. Rc2 Nxc2 29. Qxc2 0-1

[Event "COL-ch U12"]
[Site "Choconta"]
[Date "2023.03.18"]
[Round "3"]
[White "Garzon Camelo, Andres Santiago"]
[Black "Jaramillo Daza, David"]
[Result "1-0"]
[WhiteElo "1928"]
[BlackElo "1500"]
[PlyCount "27"]
[EventDate "2023.03.17"]
[EventType "swiss"]
[EventRounds "7"]
[EventCountry "COL"]
[SourceTitle "CBM 213 Extra"]
[Source "ChessBase"]
[SourceDate "2023.05.31"]
[SourceVersion "1"]
[SourceVersionDate "2023.05.31"]
[SourceQuality "1"]

1. e4 c5 2. Nf3 e6 3. d4 cxd4 4. Nxd4 Nf6 5. Bd3 Bc5 6. Nb3 Be7 7. Qe2 b6 8. Bg5 Bb7 9. 0-0 0-0 10. Kh1 Qc7 11. f4 d6 12. Nc3 Re8 13. Rad1 Nfd7 14. Qg4 1-0

[Event "COL-ch U12"]
[Site "Choconta"]
[Date "2023.03.18"]
[Round "2"]
[White "Jaramillo Daza, David"]
[Black "Alonso Bustos, David Santiago"]
[Result "1-0"]
[WhiteElo "1500"]
[BlackElo "1249"]
[PlyCount "59"]
[EventDate "2023.03.17"]
[EventType "swiss"]
[EventRounds "7"]
[EventCountry "COL"]
[SourceTitle "CBM 213 Extra"]
[Source "ChessBase"]
[SourceDate "2023.05.31"]
[SourceVersion "1"]
[SourceVersionDate "2023.05.31"]
[SourceQuality "1"]

1. e4 e5 2. Nf3 Nc6 3. Bb5 Bc5 4. c3 a6 5. Ba4 Nf6 6. 0-0 Nxe4 7. d4 Bb6 8. Re1 Nf6 9. Bg5 0-0 10. dxe5 h6 11. Bxf6 gxf6 12. Nbd2 d6 13. exf6 Qxf6 14. Ne4 Qg6 15. Bc2 Qg7 16. Kh1 Bg4 17. Rg1 Bf5 18. g4 Bxe4 19. Bxe4 Bxf2 20. Rg2 Rfe8 21. Bxc6 bxc6 22. Rxf2 Re3 23. Nd4 Qg5 24. Nf5 Re4 25. h4 Qf6 26. Qd2 Rae8 27. Nxh6+ Kf8 28. Rxf6 Kg7 29. Qg5+ Kf8 30. Rxf7# 1-0